CLINICAL GYNECOLOGIC ENDOCRINOLOGY AND INFERTILITY / (Record no. 796510)

MARC details
000 -LEADER
fixed length control field 00579pam a2200205 a 4500
020 ## - INTERNATIONAL STANDARD BOOK NUMBER
International Standard Book Number 0781767245
Terms of availability 4910.50
041 ## - LANGUAGE CODE
Language code of text/sound track or separate title eng
Language code of original NULL
082 ## - DEWEY DECIMAL CLASSIFICATION NUMBER
Classification number 618.2
Item number SPE/FRI
100 ## - MAIN ENTRY--PERSONAL NAME
Personal name SPEROFF, L.,FRITZ M.A.
245 ## - TITLE STATEMENT
Title CLINICAL GYNECOLOGIC ENDOCRINOLOGY AND INFERTILITY /
Statement of responsibility, etc. NULL.
Medium Textual Documents
250 ## - EDITION STATEMENT
Edition statement 7ED /
Remainder of edition statement .
260 ## - PUBLICATION, DISTRIBUTION, ETC.
Place of publication, distribution, etc. NULL :
Name of publisher, distributor, etc. JAYPEE BROTHERS & LIPPINCOTT WILL. ,
Date of publication, distribution, etc. 2005.
300 ## - PHYSICAL DESCRIPTION
Extent 1334 : :
Other physical details X ; ;
Dimensions A4 . +
Accompanying material HB.
365 ## - TRADE PRICE
Price type code 4910.50
Price note 1
650 ## - SUBJECT ADDED ENTRY--TOPICAL TERM
Topical term or geographic name entry element OBST.GYNE
700 ## - ADDED ENTRY--PERSONAL NAME
Personal name FRITZ, M .
907 ## - LOCAL DATA ELEMENT G, LDG (RLIN)
a 4937
930 ## - EQUIVALENCE OR CROSS-REFERENCE-UNIFORM TITLE HEADING [LOCAL, CANADA]
Uniform title 1974
Holdings
Withdrawn status Lost status Damaged status Not for loan Collection Home library Current library Date acquired Source of acquisition Cost, normal purchase price Total Checkouts Full call number Barcode Date last seen Copy number Price effective from Koha item type
          Medical College & Hospital, Sangli Medical College & Hospital, Sangli 01/09/2007 B.M.S.G.B.PUNE 4910.50   618.2 SPE/FRI MCS-4937 26/07/2023 2 26/07/2023 Book
          Medical College & Hospital, Sangli Medical College & Hospital, Sangli 01/09/2007 B.M.S.G.B.PUNE 4910.50   618.2 SPE/FRI MCS-4936 26/07/2023 1 26/07/2023 Book